banner-ar

المرجع الشامل لنظام التشغيل Dos / (Record no. 49378)

MARC details
000 -الفاتح
حقل البيانات ثابتة الطول 00891nam a2200253Ia 4500
005 - وقت وتاريخ اخر تعامل مع التسجيلة
رقم الضبط 20240530104632.0
008 - عناصر البيانات ثابتة الطول - معلومات عامة
حقل البيانات ثابتة الطول 140319s9999 xx 000 0 ara d
040 ## - مصدر الفهرسة
وكالة الفهرسة الأصلية GCL /
وكالة النسخ GCL
082 04 - رقم تصنيف ديوى العشرى
رقم التصنيف 001.6424
رقم المادة م م
100 1# - المدخل الرئيسى - إسم شخصى
الإسم الشخصى علاء الدين محمد فهمى
245 10 - بيان العنوان
العنوان المرجع الشامل لنظام التشغيل Dos /
بيان المسئوليه,etc علاء الدين محمد فهمى
260 ## - PUBLICATION, DISTRIBUTION, ETC. (IMPRINT)
تاريخ النشر أو التوزيع 1991
300 ## - الوصف المادى
التعداد 679 ص
650 04 - المدخل الاضافى بالموضوع-مصطلح موضوعى
مصطلح موضوعي الحاسبات الالكترونية
650 04 - المدخل الاضافى بالموضوع-مصطلح موضوعى
مصطلح موضوعي دوس
650 04 - المدخل الاضافى بالموضوع-مصطلح موضوعى
مصطلح موضوعي برامج الحاسبات الالكترونية
700 1# - المدخل الاضافى - اسم شخصى
الإسم الشخصى مصطفى رضا عبدالوهاب
700 1# - المدخل الاضافى - اسم شخصى
الإسم الشخصى هانى كمال مهدى
700 1# - المدخل الاضافى - اسم شخصى
الإسم الشخصى عبدالعزيز حسن الحريرى
700 1# - المدخل الاضافى - اسم شخصى
الإسم الشخصى محمد سعيد عبدالوهاب
700 1# - المدخل الاضافى - اسم شخصى
الإسم الشخصى مصطفى محمد اسماعيل
942 ## - عناصر المدخل الإضافي( كوها)
مصدر التصنيف او مخطط الترفيف Dewey Decimal Classification
Koha [default] item type كتاب
260 ## - PUBLICATION, DISTRIBUTION, ETC. (IMPRINT)
-- [S.N] :
-- دلتا كمبيوتر ،
Holdings
حالة التراجع حالة الفقد حالة تلف ليس للاعارة المكان المؤقت الموقع الحالى تاريخ الاكتساب اجمالي اﻻعارات رقم الطلب الباركود تاريخ اخر مشاهدة تاريخ تفعيل السعر نوع وعاء كوها
        مكتبة القاهرة الكبرى مكتبة القاهرة الكبرى 03/26/2014   001.6424\م م 118684 03/26/2014 03/26/2014 كتاب
        مكتبة القاهرة الكبرى مكتبة القاهرة الكبرى 03/26/2014   001.6424\م م 118685 03/26/2014 03/26/2014 كتاب
        مكتبة القاهرة الكبرى مكتبة القاهرة الكبرى 03/26/2014   001.6424\م م 118686 03/26/2014 03/26/2014 كتاب

Powered By

EGPV